El espíritu matemático de la filosofía moderna / (Record no. 25893)
[ view plain ]
| 000 -LEADER | |
|---|---|
| campo de control de longitud fija | 00864nam a2200229 i 4500 |
| 001 - NÚMERO DE CONTROL | |
| campo de control | 25893 |
| 003 - IDENTIFICADOR DE NÚMERO DE CONTROL | |
| campo de control | ES-MaACL |
| 005 - FECHA Y HORA DE LA ÚLTIMA TRANSACCIÓN | |
| campo de control | 20250903021057.0 |
| 007 - CAMPO FIJO DE DESCRIPCIÓN FÍSICA--INFORMACIÓN GENERAL | |
| campo de control de longitud fija | t| |
| 008 - DATOS DE LONGITUD FIJA--INFORMACIÓN GENERAL | |
| campo de control de longitud fija | 030103s1923 sp |||| | spa d |
| 100 1# - ENTRADA PRINCIPAL--NOMBRE DE PERSONA | |
| Nombre de persona | Arnáiz, Marcelino. |
| 9 (RLIN) | 23019 |
| 245 13 - MENCIÓN DEL TÍTULO | |
| Título | El espíritu matemático de la filosofía moderna / |
| Mención de responsabilidad, etc. | discurso leído el día 9 de diciembre por Marcelino Arnáiz ... y contestación por Juan Zaragüeta. |
| 260 ## - PUBLICACIÓN, DISTRIBUCIÓN, ETC. | |
| Lugar de publicación, distribución, etc. | El Escorial : |
| Nombre del editor, distribuidor, etc. | [s.n., |
| Fecha de publicación, distribución, etc. | 1923] ( |
| Fabricante | Imp. Agustiniana) |
| 300 ## - DESCRIPCIÓN FÍSICA | |
| Extensión | 205 p. ; |
| Dimensiones | 23 cm. |
| 500 ## - NOTA GENERAL | |
| Nota general | Precede a tít.: Real Academia de Ciencias Morales y Políticas. |
| 650 04 - PUNTO DE ACCESO ADICIONAL DE MATERIA--TÉRMINO DE MATERIA | |
| Término de materia o nombre geográfico como elemento de entrada | Matemáticas- |
| Subdivisión cronológica | S.XIX |
| 9 (RLIN) | 14832 |
| 650 #4 - PUNTO DE ACCESO ADICIONAL DE MATERIA--TÉRMINO DE MATERIA | |
| Término de materia o nombre geográfico como elemento de entrada | Filosofía- |
| Subdivisión cronológica | S.XIX. |
| 9 (RLIN) | 163575 |
| 700 1# - ENTRADA AGREGADA--NOMBRE PERSONAL | |
| Nombre de persona | Zaragüeta, Juan. |
| 9 (RLIN) | 118040 |
| 710 2# - ENTRADA AGREGADA--NOMBRE DE ENTIDAD CORPORATIVA | |
| Nombre de entidad corporativa o nombre de jurisdicción como elemento de entrada | Real Academia de Ciencias Morales y Políticas (España) |
| 9 (RLIN) | 222050 |
| 852 ## - LOCALIZACIÓN | |
| Ubicación | ES-MaACL |
| Número de control de estantería | G-4973 |
| Estatus retirado | Estado de pérdida | Estado de daño | No para préstamo | Biblioteca de origen | Biblioteca actual | Ubicación en estantería | Fecha de adquisición | Fuente de adquisición | Total de préstamos | Signatura topográfica completa | Código de barras | Visto por última vez | Precio de reemplazo | Tipo de ítem Koha |
|---|---|---|---|---|---|---|---|---|---|---|---|---|---|---|
| Biblioteca del Ateneo de Madrid | Biblioteca del Ateneo de Madrid | Depósito 2 | 17/01/2008 | G-4973 | 1026713 | 23/02/2023 | 23/02/2023 | Libro impreso |
